Gagak dengan musang

Bibliographic Details
Format: Book
Published: Kuala Lumpur : Penerbitan Fargoes , 2005
Series:Cerita nasihat
Subjects:

MARC

LEADER 00000cam a2200000 7i4500
001 0000007051
005 20151222.0
008 070828
020 |a 9831283376 
090 0 0 |a JF   |b MOR JAW (6902) 
245 0 0 |a Gagak dengan musang 
260 |a Kuala Lumpur :   |b Penerbitan Fargoes ,   |c 2005 
440 |a Cerita nasihat 
500 |a Children ages 7-9 years old (orange) 
650 0 |a Junior fiction   |x jawi 
650 0 |a Moral 
999 |a 0000899839   |b Book   |c Children Collection   |e Cawangan Tangkak 
999 |a 0000899844   |b Book   |c Children Collection   |e Cawangan Mersing 
999 |a 0000899845   |b Book   |c Children Collection   |e Cawangan Mersing 
999 |a 0000988409   |b Book   |c Children Collection   |e Perbadanan Perpustakaan Awam Johor 
999 |a 0000988410   |b Book   |c Children Collection   |e Cawangan Urban Transformation Centre 
999 |a 0000988411   |b Book   |c Children Collection   |e Cawangan Urban Transformation Centre 
999 |a 0000988412   |b Book   |c Children Collection   |e Perbadanan Perpustakaan Awam Johor 
999 |a 0001215031   |b Book   |c Children Collection   |e Cawangan Taman Universiti 
999 |a 0001215032   |b Book   |c Children Collection   |e Cawangan Mersing 
999 |a 0001215033   |b Book   |c Children Collection   |e Cawangan Kota Tinggi 
999 |a 0001215039   |b Book   |c Children Collection   |e Cawangan Taman Universiti 
999 |a 0001215041   |b Book   |c Children Collection   |e Cawangan Segamat 
999 |a 0001215042   |b Book   |c Children Collection   |e Cawangan Pontian 
999 |a 0001215043   |b Book   |c Children Collection   |e Cawangan Bukit Gambir 
999 |a 0001215044   |b Book   |c Children Collection   |e Cawangan Tangkak